00533nam a2200193 a 450000100060000000300090000600800410001502000150005604000280007108200090009924500400010826000650014830000070021349000250022059000360024565000290028194200120031099900170032213771CO-ViMGA141112s2004 ck r 000 u spa d a9580503133 aCO-ViMGAbspacCO-ViMGA04aABDt10aAbdallah de tierra, abdallah de mar aSantafé de Bogotá : bEducar Cultural Recreativa, c1994 a24 aCuentos para soñar aForma de adquisición : Compra14aCUENTOS INFANTILES92743 2ddccBK c24481d24481